A life of prayer / (Record no. 9854)

MARC details
000 -LEADER
fixed length control field 01003cam a2200277 a 4500
001 - CONTROL NUMBER
control field 933631
003 - CONTROL NUMBER IDENTIFIER
control field OSt
005 - DATE AND TIME OF LATEST TRANSACTION
control field 20210204165012.0
008 - FIXED-LENGTH DATA ELEMENTS--GENERAL INFORMATION
fixed length control field 830617s1983 oru b 001 0 eng
010 ## - LIBRARY OF CONGRESS CONTROL NUMBER
LC control number 83012185
020 ## - INTERNATIONAL STANDARD BOOK NUMBER
International Standard Book Number 088070022X :
Terms of availability $11.95
040 ## - CATALOGING SOURCE
Original cataloging agency DLC
Transcribing agency DLC
Modifying agency DLC
050 00 - LIBRARY OF CONGRESS CALL NUMBER
Classification number BV209
Item number T316L
082 00 - DEWEY DECIMAL CLASSIFICATION NUMBER
Classification number 248.3/2
Edition number 19
Item number T316L
100 0# - MAIN ENTRY--PERSONAL NAME
Personal name Teresa,
Titles and words associated with a name of Avila, Saint,
Dates associated with a name 1515-1582.
240 10 - UNIFORM TITLE
Uniform title Works.
Form subheading Selections.
Language of a work English.
Date of a work 1983
245 12 - TITLE STATEMENT
Title A life of prayer /
Statement of responsibility, etc. by St. Teresa of Avila ; abridged and edited by James M. Houston ; introduction by Clayton L. Berg.
260 ## - PUBLICATION, DISTRIBUTION, ETC.
Place of publication, distribution, etc. Portland, Or. :
Name of publisher, distributor, etc. Multnomah Press,
Date of publication, distribution, etc. c1983.
300 ## - PHYSICAL DESCRIPTION
Extent xxxvi, 246 p. ;
Dimensions 22 cm.
504 ## - BIBLIOGRAPHY, ETC. NOTE
Bibliography, etc. note Includes bibliographical references and indexes.
650 #0 - SUBJECT ADDED ENTRY--TOPICAL TERM
Topical term or geographic name entry element Prayer
General subdivision Christianity
-- Early works to 1800.
650 #0 - SUBJECT ADDED ENTRY--TOPICAL TERM
Topical term or geographic name entry element Spiritual life
General subdivision Catholic Church
-- Early works to 1800.
700 1# - ADDED ENTRY--PERSONAL NAME
Personal name Houston, J. M.
Fuller form of name (James Macintosh),
Dates associated with a name 1922-
906 ## - LOCAL DATA ELEMENT F, LDF (RLIN)
a 7
b cbc
c orignew
d 1
e ocip
f 19
g y-gencatlg
942 ## - ADDED ENTRY ELEMENTS (KOHA)
Source of classification or shelving scheme Dewey Decimal Classification
Koha item type Books
Holdings
Withdrawn status Lost status Source of classification or shelving scheme Damaged status Not for loan Collection code Home library Current library Shelving location Date acquired Total Checkouts Full call number Barcode Date last seen Price effective from Koha item type
    Dewey Decimal Classification     Non-fiction Harvest Mission College Harvest Mission College General Stacks 09.02.2021   248.32 T316L 011297 09.02.2021 09.02.2021 Books

OPAC Designed and Maintained by HMC Library Team.
Copyright © HMC Library,Greater Noida, UP.
For any Suggestions/Query Contact library via Email:libhmc@gmail.com